Music Quiz

Random Music or Song Quiz

Eric Clapton 'Promises' Lyrics Quiz Stats

 Plays Quiz not verified by Sporcle

Challenge
Share
Tweet
Embed
Score 0/238 Timer 10:00
0 Plays Today
% Correct
I
100%
I
100%
a
100%
I
100%
love
100%
love
100%
a
100%
a
100%
I
100%
I
100%
I
100%
I
100%
love
100%
love
100%
I
100%
a
100%
I
100%
a
100%
love
100%
a
100%
I
100%
love
100%
I
100%
love
100%
love
100%
I
100%
a
100%
I
100%
a
100%
love
100%
a
100%
me
98.5%
do
98.5%
me
98.5%
me
98.5%
me
98.5%
don't
97%
you
97%
don't
97%
you
97%
don't
97%
you
97%
and
97%
you
97%
don't
97%
You
97%
you
97%
to
97%
You
97%
and
97%
and
97%
and
97%
don't
97%
and
97%
you
97%
don't
97%
don't
97%
you
97%
don't
97%
you
97%
you
97%
be
97%
don't
97%
you
97%
and
97%
you
97%
don't
97%
you
97%
be
97%
to
97%
you
97%
You
97%
to
97%
you
97%
you
97%
to
97%
And
97%
you
97%
you
97%
be
97%
% Correct
care
95.5%
if
95.5%
if
95.5%
just
95.5%
care
95.5%
care
95.5%
just
95.5%
can
95.5%
if
95.5%
just
95.5%
can
95.5%
home
94%
what
94%
what
94%
come
92.5%
when
92.5%
come
92.5%
We
92.5%
we
92.5%
promises
92.5%
We
92.5%
we
92.5%
promises
92.5%
never
91%
how
91%
How
91%
How
91%
know
89.6%
end
89.6%
know
89.6%
end
89.6%
on
88.1%
on
88.1%
friends
88.1%
friends
88.1%
that
88.1%
friends
88.1%
that
88.1%
always
86.6%
always
86.6%
mind
85.1%
it
85.1%
'Cause
83.6%
cause
83.6%
your
83.6%
could
83.6%
could
83.6%
keep
82.1%
La
82.1%
la
82.1%
la
82.1%
la
82.1%
la
82.1%
la
82.1%
La
82.1%
la
82.1%
la
82.1%
la
82.1%
la
82.1%
la
82.1%
got
82.1%
got
82.1%
La
82.1%
la
82.1%
la
82.1%
la
82.1%
la
82.1%
la
82.1%
la
82.1%
La
82.1%
la
82.1%
la
82.1%
la
82.1%
la
82.1%
la
82.1%
la
82.1%
got
82.1%
got
82.1%
La
82.1%
la
82.1%
% Correct
la
82.1%
la
82.1%
la
82.1%
la
82.1%
la
82.1%
La
82.1%
la
82.1%
la
82.1%
la
82.1%
la
82.1%
la
82.1%
la
82.1%
like
80.6%
like
80.6%
away
79.1%
town
79.1%
woman
79.1%
made
79.1%
vow
79.1%
we'd
79.1%
woman
79.1%
made
79.1%
vow
79.1%
we'd
79.1%
they
77.6%
all
77.6%
But
77.6%
mine
77.6%
yours
76.1%
for
76.1%
for
76.1%
want
76.1%
see
76.1%
at
74.6%
night
74.6%
problem
74.6%
callin'
74.6%
I'd
74.6%
problem
74.6%
callin'
74.6%
distant
73.1%
sea
73.1%
commotion
73.1%
relate
73.1%
hate
73.1%
relate
73.1%
hate
73.1%
let
71.6%
you'd
71.6%
melt
70.1%
get
70.1%
Oh
67.2%
I'll
67.2%
lovers
65.7%
good
64.2%
fine
64.2%
It's
62.7%
smile
61.2%
is
61.2%
delights
58.2%
real
58.2%
still
58.2%
years
55.2%
upon
55.2%
years
55.2%
take
55.2%
give
53.7%
tried
52.2%
saw
52.2%
time
50.7%
leave
49.3%
refuse
49.3%
rowin'
47.8%
'em
47.8%
alone
47.8%
I'm
44.8%
gonna
29.9%
Having
26.9%

You're not logged in!

Compare scores with friends on all Sporcle quizzes.
Join for Free
OR
Log In

You Might Also Like...

Show Comments

Extras

Created Jul 24, 2016ReportNominate
Tags:Song Quiz, clapton, eric, Eric Clapton

Top Quizzes Today


Score Distribution

Your Account Isn't Verified!

In order to create a playlist on Sporcle, you need to verify the email address you used during registration. Go to your Sporcle Settings to finish the process.

Report this User

Report this user for behavior that violates our Community Guidelines.

Details: